000 00634nam a2200217 u 4500
005 20230602064033.0
008 170126s2006 eu r 000 0 spa d
020 _a140426566x
035 _aUPN01000215627
049 _aI
050 4 _aPZ8.7
_bR6.2
100 1 _aRoza, Greg,
_d1971-
_933672
245 1 0 _aDe paseo /
_cGreg Roza ; tr. José María Obregón
260 _aNew York :
_bRosen,
_c2006.
300 _a8 p. :
_bprincipalmente il. col.
440 0 _aRosen classroom books & materíals
650 4 _aCUENTOS HUMORISTICOS
_911283
650 4 _aSocialización del niño
_93953
905 _aInfantil
999 _c187727
_d187727